| 000 | 01615cam a22003371ia4500 | ||
|---|---|---|---|
| 003 | SA-RiAUC | ||
| 005 | 20250128151102.0 | ||
| 008 | 241007s2019 le g 000 0 ara c | ||
| 020 | _a9786030270163 | ||
| 020 | _a9786030270170 | ||
| 040 |
_aSA-RiKSU _bara _cSA-RiAUC _erda |
||
| 082 | 0 | 4 |
_a237.3 _qSA-RiAUC |
| 090 |
_a237.3 _bا ب ن ب |
||
| 100 | 1 |
_aابن باز، عبد العزيز بن عبد الله بن عبد الرحمن، _d1332-1420 هجري _eمؤلف. |
|
| 245 | 1 | 0 |
_aشرح رياض الصالحين من كلام سيد المرسلين / _cعبد العزيز بن عبد الله بن باز ؛ تحقيق صلاح الدين بن عثمان أحمد، محمد بن حسن بن عبد الرحمن آل الشيخ. |
| 250 | _aالطبعة الأولى. | ||
| 264 | 1 |
_aبيروت : _bدار قرطبة للطباعة والنشر والتوزيع، _c2019 |
|
| 300 |
_a4 مجلد ؛ _c24 سم |
||
| 336 |
_aنص _btxt _2rdacontent _3كتاب |
||
| 337 |
_aبدون وسيط _bn _2rdamedia |
||
| 338 |
_aمجلد _bnc _2rdacarrier |
||
| 650 | 7 |
_aالحديث _xشرح _2aucsh |
|
| 650 | 7 |
_aالحديث _xجوامع الفنون _2aucsh |
|
| 650 | 7 |
_aالحديث _xالمسانيد _2aucsh |
|
| 700 | 1 |
_aأحمد، صلاح الدين بن عثمان _eمحقق. |
|
| 700 | 1 |
_aآل الشيخ، محمد بن حسن بن عبد الرحمن _eمحقق. |
|
| 700 | 1 | 2 |
_aالنووي، يحيى بن شرف بن مري، _d631-676 هجري |
| 740 | 0 | 2 | _aرياض الصالحين من كلام سيد المرسلين. |
| 942 |
_2ddc _cBOOK _n0 |
||
| 949 |
_aSA-JeALM _d241007 _umohamedma123 _n1 |
||
| 999 |
_c988 _d988 |
||